| 000 | 00718nam a2200217 a 4500 | ||
|---|---|---|---|
| 005 | 20140412111320.0 | ||
| 008 | 001113s19uu xx 00 eng d | ||
| 050 |
_aER _bTa14 1995 |
||
| 100 | _aConnelly, Neil | ||
| 245 |
_aA Tale told twice / _cby Neil Connelly ; illustrated by Carolyn Bracken. |
||
| 260 |
_aMaryland : _bOttenheimer Pub, _c1995. |
||
| 300 | _a1 v. (unp.) ; ill. | ||
| 440 | _aTales from the carrot patch | ||
| 520 | _aYoung Blaze Bunny challenges his neighbor, Tommy Turtle to run a new race with him. And his time, he intends the bunny to win! | ||
| 650 | _aRaces--Fiction | ||
| 650 | _aFriendship--Fiction | ||
| 999 |
_c104372 _d104372 |
||